00910nam a2200229 i 450000100060000000300090000600500170001500700030003200800410003502000180007608000130009424501170010726000440022430000220026859401180029065000440040870000360045270000310048885200220051999900170054195201220055818941ES-MaACL20230906151946.0t|020415s2001 sp ||||1| spa d a84-95224-24-0 a001(063)03aEl valor de la ciencia / cRamón Alcoberro ... [et al.] ; (coordinadores) Salvador López Arnal ... [et al.]. a[Barcelona] : bEl Viejo Topo, c[2001] a427 p. ; c22 cm. aTextos de las III Jornadas del Grup de Filosofía del Casal de Mestre, de Santa Coloma de Gramenet (9 nov. 2000) 4aCiencia-vCongresos y asambleas.9109381 aLópez Arnal, Salvador.9734191 aAlcoberro, Ramón.9195604 aES-MaACLjL-25386 c18941d18941 00104070aATENEOMbATENEOMcDEPO2d2008-01-17eSCl0oL-25386p1019379r2023-02-23 00:00:00w2023-02-23yMONOGRAFIA